ՀՀ Գիտությունների ազգային ակադեմիայի հիմնարար գիտական գրադարան  =   Fundamental Scientific Library of NAS RA

Эксплуатация деревянных опор линий электропередачи / (Record no. 525364)

MARC details
000 -LEADER
fixed length control field 00832-am-a2200217-a-4500
003 - CONTROL NUMBER IDENTIFIER
control field AM-YEHGA
001 - CONTROL NUMBER
control field 1448912
005 - DATE AND TIME OF LATEST TRANSACTION
control field 20250617164512.0
008 - FIXED-LENGTH DATA ELEMENTS--GENERAL INFORMATION
fixed length control field 190201s1962 ru 0 0 frs u rus d
020 ## - INTERNATIONAL STANDARD BOOK NUMBER
Terms of availability 00.31
040 ## - CATALOGING SOURCE
Original cataloging agency AM-YeHGA
041 0# - LANGUAGE CODE
Language code of text/sound track or separate title rus
090 ## - LOCALLY ASSIGNED LC-TYPE CALL NUMBER (OCLC); LOCAL CALL NUMBER (RLIN)
-- 532571
100 1# - MAIN ENTRY--PERSONAL NAME
Personal name Андриевский, Валерий Николаевич
245 10 - TITLE STATEMENT
Title Эксплуатация деревянных опор линий электропередачи /
Statement of responsibility, etc. В.Н. Андриевский
260 ## - PUBLICATION, DISTRIBUTION, ETC.
Place of publication, distribution, etc. Москва ;
-- Ленинград :
Name of publisher, distributor, etc. Энергия. ,
Date of publication, distribution, etc. 1962.
300 ## - PHYSICAL DESCRIPTION
Extent 56 с.:
Other physical details ил.;
Dimensions 21 см.
490 0# - SERIES STATEMENT
Series statement Библиотека электромонтера
Volume/sequential designation Вып. 71.
650 14 - SUBJECT ADDED ENTRY--TOPICAL TERM
Topical term or geographic name entry element Линии электропередачи
General subdivision Эксплуатация деревянных опор
942 ## - ADDED ENTRY ELEMENTS (KOHA)
Source of classification or shelving scheme Universal Decimal Classification
Koha item type Գրքեր / Books
Holdings
Withdrawn status Lost status Damaged status Not for loan Collection Home library Current library Date acquired Total checkouts Full call number Barcode Date last seen Price effective from Koha item type Public note
        General Fundamental Scientific Library Fundamental Scientific Library 23/03/2022   РII/72457 FL0675676 23/03/2022 23/03/2022 Գրքեր / Books 30 Days Loan


ՀՀ ԳԱԱ հիմնարար գիտական գրադարան
ՀՀ,Երևան 0019
Մարշալ Բաղրամյան 24/6
հեռախոս:(374-10) 52-47-50
Հետադարձ կապ

All site content, except where otherwise noted, is licensed under a
Creative Commons License